000 00641nam a2200253Ia 4500
005 20260121161105.0
008 008 260114s9999 xx 000 0 eng d
020 _a9780429459382
037 _aEBOOK
040 _aCRL
040 _beng
040 _cCRL
041 _2eng
041 _aeng
084 _qCRL
100 _a Francis Ames-Lewis; Mary Rogers; Elizabeth Cropper
_91040084
245 0 _aConcepts of Beauty in Renaissance Art
260 _bTaylor and Francis
260 _c1998
856 _uhttp://www.taylorfrancis.com/books/9780429459382
942 _cEBOOK
999 _c1606900
_d1606900